[Event "Let's Play Chess!"]
[Site "http://www.queenalice.com/game.php?id=974156"]
[Date "2011.8.18"]
[Round "-"]
[White "adelio"]
[Black "Mamonas"]
[Result "1-0"]
[WhiteElo "1661"]
[BlackElo "2081"]

1. e4 c6 2. e5 d5 3. d4 h5 4. h4 Nh6 5. f3 Nf5 6. Bf4 Ng3 7. Bxg3 b5 8. b4 a5 9.
Qd2 Bf5 10. Nh3 axb4 11. Qxb4 e6 12. Qd2 Ra4 13. a3 b4 14. Be2 c5 15. O-O c4 16.
Qg5 1-0

[Event "Let's Play Chess!"]
[Site "http://www.queenalice.com/game.php?id=981728"]
[Date "2011.9.5"]
[Round "-"]
[White "rotwein"]
[Black "Mamonas"]
[Result "0-1"]
[WhiteElo "2136"]
[BlackElo "2020"]

1. d4 d5 2. c4 dxc4 3. e3 e6 4. Bxc4 a6 5. Bb3 Qf6 6. Nf3 Bd7 7. O-O Bc6 8. Nbd2
Nd7 9. e4 O-O-O 10. Re1 Bb4 11. a3 Ba5 12. Re3 Bb6 0-1

[Event "Let's Play Chess!"]
[Site "http://www.queenalice.com/game.php?id=981729"]
[Date "2011.9.5"]
[Round "-"]
[White "dnptrs"]
[Black "Mamonas"]
[Result "0-1"]
[WhiteElo "2221"]
[BlackElo "2041"]

1. d4 d5 2. Nf3 Nf6 3. g3 c6 4. Bg2 Bf5 5. O-O h6 6. b3 Nfd7 7. Bb2 e6 8. c4 Be7
9. Nbd2 O-O 10. Rc1 Kh8 11. Ne5 Nxe5 12. dxe5 Na6 13. a3 Bg5 14. Ra1 Bxd2 15.
Qxd2 dxc4 16. Qxd8 Rfxd8 17. e4 Bh7 18. bxc4 Nc5 19. f3 Nb3 20. Rf2 Nxa1 21.
Bxa1 Rd1+ 22. Rf1 Rd3 23. Bb2 Rad8 24. Bc1 Rc3 25. f4 Rxc4 26. f5 Rc5 27. f6 g5
28. Be3 Ra5 29. h4 Rd3 30. Bf2 Raxa3 31. Bh3 gxh4 0-1

[Event "Let's Play Chess!"]
[Site "http://www.queenalice.com/game.php?id=981737"]
[Date "2011.9.13"]
[Round "-"]
[White "jizaias"]
[Black "Mamonas"]
[Result "0-1"]
[WhiteElo "2262"]
[BlackElo "2062"]

1. e4 e5 2. Nf3 Nc6 3. Bb5 Nf6 4. O-O Nxe4 5. Re1 Nd6 6. Nxe5 Be7 7. Bd3 O-O 8.
Qh5 g6 9. Nxc6 dxc6 10. Qd1 Re8 11. Nc3 Bf6 12. Be2 Be6 13. d3 Be5 14. Bf3 Qf6
15. Bd2 Bd4 16. Qc1 Qh4 17. g3 Qf6 18. Qd1 Bh3 19. a3 Rxe1+ 20. Bxe1 Re8 21. Bh1
Bg4 22. Qd2 g5 23. Bg2 Re5 24. h3 Bf3 25. Na4 Re2 26. Qxe2 Bxe2 27. c3 Bb6 28.
d4 Qf5 29. Nxb6 cxb6 30. Bd2 Qc2 31. Bxg5 Qxb2 32. Re1 Bc4 33. Re7 Qxc3 34. Rd7
h6 35. Bxh6 Qe1+ 0-1

[Event "OS INCLIVEIS"]
[Site "http://www.queenalice.com/game.php?id=986411"]
[Date "2011.9.17"]
[Round "-"]
[White "adelio"]
[Black "Mamonas"]
[Result "0-1"]
[WhiteElo "1665"]
[BlackElo "2086"]

1. e4 e5 2. Nf3 Nf6 3. Qe2 Nc6 4. c4 Bc5 5. d3 Ng4 6. Be3 Nxe3 7. fxe3 O-O 8.
Nc3 d6 9. h3 Bb4 10. g4 a5 11. Bg2 Be6 12. O-O Bxc3 13. bxc3 a4 14. a3 Ra5 15.
Qf2 b5 16. Nh4 bxc4 17. Nf5 cxd3 18. h4 Rc5 19. h5 Qg5 20. Rac1 Na5 21. Qg3 Nb3
22. Rcd1 d2 23. Nxg7 Kxg7 24. h6+ Kxh6 25. Qh3+ Kg7 26. Rf2 Bxg4 27. Qg3 Rxc3
28. Bf3 h5 29. Kg2 Rxe3 30. Rh1 Nd4 31. Rxh5 Bxf3+ 32. Rxf3 Qxg3+ 33. Rxg3+
Rxg3+ 34. Kxg3 d1=Q 35. Rg5+ Kh6 36. Rg4 Qg1+ 37. Kh3 Rg8 38. Rxg1 Rxg1 39. Kh2
Rg4 40. Kh3 Kh5 41. Kh2 Kh4 42. Kh1 Kg5 43. Kh2 Kf4 44. Kh3 Kf3 45. Kh2 Ne2 46.
Kh3 Ng3 47. Kh2 Rh4+ 48. Kg1 Rh1# 0-1

[Event "Challenge"]
[Site "http://www.queenalice.com/game.php?id=989544"]
[Date "2011.9.25"]
[Round "-"]
[White "Mamonas"]
[Black "leduar"]
[Result "1-0"]
[WhiteElo "2110"]
[BlackElo "1978"]

1. e4 e5 2. Nf3 Nf6 3. Nxe5 d6 4. Nf3 Nxe4 5. d4 d5 6. Bd3 Be7 7. O-O Nc6 8. c4
Nb4 9. Be2 O-O 10. a3 Nc6 11. cxd5 Qxd5 12. Nc3 Nxc3 13. bxc3 Bf6 14. Bf4 Qa5
15. Qb3 Qb6 16. Qc2 Ne7 17. Rfb1 Bf5 18. Rxb6 Bxc2 19. Rxb7 Nd5 20. Bd2 Rfb8 21.
Ba6 c6 22. Re1 h6 23. c4 Nb6 24. Rc7 Ba4 25. Bb7 Rxb7 26. Rxb7 Nxc4 27. Bb4 a5
28. Be7 Bxe7 29. Rexe7 Nd6 30. Rbd7 Kf8 31. Ra7 Rxa7 32. Rxa7 Nc4 33. Ne5 Bb5
34. a4 Nxe5 35. axb5 Nc4 36. bxc6 Ke8 37. Ra8+ Ke7 38. c7 1-0

[Event "Challenge"]
[Site "http://www.queenalice.com/game.php?id=989545"]
[Date "2011.9.25"]
[Round "-"]
[White "leduar"]
[Black "Mamonas"]
[Result "0-1"]
[WhiteElo "2003"]
[BlackElo "2088"]

1. e4 e6 2. d4 d5 3. Nc3 Bb4 4. e5 c5 5. a3 Bxc3+ 6. bxc3 Ne7 7. c4 Nbc6 8. cxd5
Qxd5 9. c4 Qxd4 10. Qxd4 Nxd4 11. Ra2 b6 12. Ne2 Bb7 13. Nxd4 cxd4 14. f3 Rc8
15. Rd2 Nc6 16. f4 O-O 17. Bd3 Na5 18. Rc2 Nb3 19. Rg1 Nc5 20. Ke2 Rfd8 21. g3
Be4 22. Bxe4 Nxe4 23. Rd1 Nc3+ 24. Rxc3 dxc3 25. Rxd8+ Rxd8 26. h4 c2 27. Bd2
Rd4 28. h5 Rxc4 29. Ke1 c1=Q+ 30. Bxc1 Rxc1+ 31. Kd2 Ra1 32. a4 Rxa4 33. Ke3 b5
34. Kd3 Ra3+ 0-1

[Event "Challenge"]
[Site "http://www.queenalice.com/game.php?id=989546"]
[Date "2011.9.25"]
[Round "-"]
[White "Mamonas"]
[Black "leduar"]
[Result "1-0"]
[WhiteElo "2118"]
[BlackElo "1993"]

1. Nc3 c5 2. e4 Nc6 3. Bb5 Nd4 4. Bc4 g6 5. Nf3 Bg7 6. Nxd4 Bxd4 7. d3 Nf6 8.
Nb5 a6 9. Nxd4 cxd4 10. Bh6 d5 11. exd5 Nxd5 12. O-O b5 13. Bb3 a5 14. Qf3 Bb7
15. a4 b4 16. Bg7 Rg8 17. Bxd4 Qd7 18. Rfe1 Nf6 19. Qxf6 O-O-O 20. Qxf7 Qxd4 21.
Rxe7 Qb6 22. Be6+ Kb8 23. Qf4+ Ka7 24. Bxg8 Rxg8 25. Rae1 g5 26. Qf5 Qc6 27.
Qxa5+ Kb8 28. R1e4 Rc8 29. Rxb7+ Qxb7 30. Rxb4 Rxc2 31. Rxb7+ Kxb7 32. Qxg5 Re2
33. Qg7+ Ka6 34. Qf6+ Ka5 35. Kf1 Rc2 36. b3 h5 37. Qe5+ Kb4 38. Qb5+ Kc3 39.
Qc4+ Kb2 40. Qxc2+ Ka3 41. a5 h4 42. a6 Kb4 43. Qc4+ Ka5 44. a7 1-0

[Event "Challenge"]
[Site "http://www.queenalice.com/game.php?id=989547"]
[Date "2011.9.25"]
[Round "-"]
[White "leduar"]
[Black "Mamonas"]
[Result "0-1"]
[WhiteElo "1990"]
[BlackElo "2101"]

1. e4 c5 2. Nf3 d6 3. d4 cxd4 4. Nxd4 Nf6 5. Nc3 Nc6 6. Bb5 Bd7 7. Nxc6 bxc6 8.
Ba4 Qa5 9. O-O Nxe4 10. Nxe4 Qxa4 11. Re1 O-O-O 12. b3 Qb5 13. a4 Qe5 14. Ba3
Qa5 15. Qf3 Qf5 16. Qe3 Kb8 17. Qc3 Rc8 18. b4 e5 19. Rab1 Ka8 20. Qe3 d5 21.
Ng5 f6 22. Nf3 Qxc2 23. a5 Bd6 24. Rbc1 Qa4 25. Qc3 Rb8 26. Rb1 Rb5 27. Rb3 c5
28. Ra1 d4 29. Nxd4 cxd4 30. Qf3+ Rb7 31. Bb2 Qc6 32. Qxc6 Bxc6 33. Ba3 Bd5 34.
Rb2 Rc8 35. a6 Rb6 36. b5 Bxa3 37. Rxa3 Rc1# 0-1

[Event "Challenge"]
[Site "http://www.queenalice.com/game.php?id=989548"]
[Date "2011.9.25"]
[Round "-"]
[White "Ebbe"]
[Black "Mamonas"]
[Result "0-1"]
[WhiteElo "1919"]
[BlackElo "2163"]

1. e4 e5 2. Nf3 Nf6 3. Nxe5 d6 4. Nf3 Nxe4 5. Bd3 Nf6 6. b3 d5 7. h3 Be6 8. Bb2
Bd6 9. Qe2 O-O 10. Nc3 Re8 11. O-O-O Nc6 12. Nb5 Bxh3 13. Qf1 Bg4 14. Re1 Rxe1+
15. Nxe1 Be5 16. f3 Bxb2+ 17. Kxb2 Be6 18. g4 a6 19. Nc3 h6 20. Qh3 Qd6 21. Qh4
Qe5 22. Rg1 Qf4 23. Ne2 Qxd2 24. g5 hxg5 25. Qh2 Ne8 26. Rh1 Kf8 27. f4 Nb4 28.
fxg5 Qxg5 29. Nf3 Qf6+ 30. Ne5 Nc6 31. Nf4 Nxe5 32. Nxe6+ Ke7 33. c3 Nxd3+ 34.
Kc2 Nb4+ 35. cxb4 fxe6 36. Qh4 Nd6 37. Qxf6+ Kxf6 38. a4 g5 39. Kd3 Rg8 0-1

[Event "primeira de muitas boas partidas"]
[Site "http://www.queenalice.com/game.php?id=992728"]
[Date "2011.10.2"]
[Round "-"]
[White "albemo"]
[Black "Mamonas"]
[Result "0-1"]
[WhiteElo "1904"]
[BlackElo "2126"]

1. Nf3 Nf6 2. c4 b6 3. e3 e6 4. d4 Bb7 5. Be2 Nc6 6. O-O Bd6 7. Nc3 O-O 8. a3
Ne7 9. b4 Nf5 10. Bb2 a5 11. b5 Qc8 12. Qc2 Ng4 13. e4 Nge3 14. fxe3 Nxe3 15.
Qd2 Nxf1 16. Rxf1 f6 17. Kh1 Qe8 18. a4 Rd8 19. Bd3 Qh5 20. Qf2 c5 21. d5 g5 22.
e5 Bxe5 23. Ba1 Bxc3 24. Bxc3 exd5 25. Qg3 dxc4 26. Bxc4+ d5 27. Qc7 Qf7 28.
Qxf7+ Rxf7 29. Bb3 Re8 30. Bc2 d4 31. Bd2 Re2 32. Bb3 Bxf3 33. Rd1 Rxg2 34. Rf1
Ba8 35. Bxf7+ Kxf7 0-1

[Event "Challenge"]
[Site "http://www.queenalice.com/game.php?id=994062"]
[Date "2011.10.6"]
[Round "-"]
[White "Mamonas"]
[Black "leduar"]
[Result "1-0"]
[WhiteElo "2148"]
[BlackElo "2007"]

1. d4 d5 2. c4 Nf6 3. Nc3 Nc6 4. Nf3 Bf5 5. cxd5 Nxd5 6. Qb3 Nxc3 7. bxc3 b6 8.
Ng5 Bg6 9. h4 h5 10. Qa4 Qd7 11. e4 Nd8 12. Qxd7+ Kxd7 13. Bb5+ c6 14. Bd3 f6
15. Nf3 e6 16. O-O e5 17. dxe5 Ne6 18. Rd1 Kc7 19. Bc4 Re8 20. Bxe6 Rxe6 21. Bf4
fxe5 22. Bxe5+ Rxe5 23. Nxe5 Bxe4 24. Rd7+ Kb8 25. Re1 Bd5 26. Nxc6+ Kc8 27.
Rxd5 Kb7 28. Nd8+ Ka6 29. Re8 g5 30. Nf7 Rg8 31. hxg5 h4 32. Rdd8 h3 33. Rxf8
1-0

[Event "Challenge"]
[Site "http://www.queenalice.com/game.php?id=994063"]
[Date "2011.10.6"]
[Round "-"]
[White "leduar"]
[Black "Mamonas"]
[Result "0-1"]
[WhiteElo "2018"]
[BlackElo "2140"]

1. e4 c5 2. Nf3 d6 3. Nc3 Nf6 4. Bc4 e6 5. d4 cxd4 6. Nxd4 a6 7. a4 Be7 8. Bd2
Qc7 9. Bd3 Nc6 10. Nxc6 bxc6 11. Bf4 e5 12. Bd2 O-O 13. a5 Bg4 14. Be2 Be6 15.
Bf3 d5 16. exd5 cxd5 17. O-O e4 18. Be2 d4 19. Na4 Nd7 20. Bg4 f5 21. Bh3 Rac8
22. g3 Qxc2 23. Qxc2 Rxc2 24. Rfd1 Ne5 25. Bg2 Nc4 26. Rac1 Rxd2 27. Rxd2 Nxd2
28. Rd1 Nb3 29. Bf1 d3 30. f3 Nxa5 0-1

[Event "Challenge"]
[Site "http://www.queenalice.com/game.php?id=994064"]
[Date "2011.10.6"]
[Round "-"]
[White "Mamonas"]
[Black "leduar"]
[Result "1-0"]
[WhiteElo "2156"]
[BlackElo "1997"]

1. e4 e5 2. Nf3 Nf6 3. d4 exd4 4. e5 Ne4 5. Qxd4 Nc5 6. Bc4 Ne6 7. Bxe6 dxe6 8.
Qxd8+ Kxd8 9. O-O Bc5 10. Nbd2 Nc6 11. Ne4 Be7 12. Rd1+ Bd7 13. Be3 b6 14. Neg5
Ke8 15. Nxf7 Rf8 16. N7g5 h6 17. Ne4 g5 18. a3 Rg8 19. b4 a6 20. Nf6+ Bxf6 21.
exf6 Rf8 22. h4 g4 23. Bxh6 Rxf6 24. Bg5 Rg6 25. Nd2 Nd4 26. Ne4 Nxc2 27. Rac1
Ba4 28. Rd2 e5 29. Nf6+ Kf7 30. Nxg4 Ke6 31. Re2 Nxa3 32. Ra1 Bb5 33. Rxe5+ Kf7
34. Rxa3 Be2 35. Rxe2 1-0

[Event "Challenge"]
[Site "http://www.queenalice.com/game.php?id=994065"]
[Date "2011.10.6"]
[Round "-"]
[White "leduar"]
[Black "Mamonas"]
[Result "0-1"]
[WhiteElo "2029"]
[BlackElo "2131"]

1. e4 c6 2. d4 d5 3. Nc3 dxe4 4. Nxe4 Bf5 5. Ng3 Bg6 6. Nf3 Nd7 7. Bd3 Ngf6 8.
Bg5 e6 9. O-O Bd6 10. Bxg6 hxg6 11. Ne4 Be7 12. Nxf6+ gxf6 13. Be3 Qc7 14. g3 g5
15. Nd2 O-O-O 16. Qf3 Rh3 17. Bxg5 fxg5 18. Qxf7 Nf8 19. Rfe1 Rh7 20. Qf3 Rxd4
21. c3 Rxd2 22. Qg4 Qb6 23. Qf3 g4 24. Qf4 Rxf2 25. Qxf2 Bc5 26. Qxc5 Qxc5+ 27.
Kg2 Qd5+ 0-1